000 00696nam a2200217 a 4500
999 _c3518
_d3518
001 3518
003 BD-JhCC
005 20171114185424.0
008 171114s1977 bg |||| ||a| 000 0 ben d
035 _a(BD-JhCC)3518
040 _aBD-JhCC
_dBD-JhCC
041 _aben
082 _a822.33
_bGOR 1977
100 _aগোর্কী, ম্যাক্সিম
245 _aওরা থাকে নীচে /
_cম্যাক্সিম গোর্কী; মুস্তাফিজুর রহমান (অনু.)
260 _aঢাকা :
_bমুক্তধারা,
_c1977.
300 _a112 p. :
_c22 cm.
650 _aEnglish Drama
942 _2ddc
_cBK